000 00260nam a2200109Ia 4500
008 220204s9999 xx 000 0 und d
082 _a82-34
_bNAR
100 _aNarayana, T R A
245 0 _aTales for the young
260 _aBombay
_bSubhash
_c1980
942 _cBK
999 _c37482
_d37482